Flexible cellular polymeric materials-Sponge and expanded cellular rubber products-Specification. Part I. Sheeting (Record no. 74182)

MARC details
000 -LEADER
fixed length control field 00464nam a2200133Ia 4500
245 #0 - TITLE STATEMENT
Title Flexible cellular polymeric materials-Sponge and expanded cellular rubber products-Specification. Part I. Sheeting
260 ## - PUBLICATION, DISTRIBUTION, ETC. (IMPRINT)
Place of publication Switzerland
260 ## - PUBLICATION, DISTRIBUTION, ETC. (IMPRINT)
Year of publication 1995
Name of publisher International Standards Organization
490 ## - SERIES STATEMENT
Series statement International standard
500 ## - GENERAL NOTE
General note Standard number: ISO 6916-1
650 ## - SUBJECT ADDED ENTRY--TOPICAL TERM
Topical Term Polymeric materials
942 ## - ADDED ENTRY ELEMENTS (KOHA)
Koha item type Standards
Holdings
Withdrawn status Lost status Damaged status Not for loan Home library Current library Date acquired Koha item type
      Standards RRII Library RRII Library 31/12/2021 Standards